000 03225nam a2200277 a 4500
001 000020930
003 DO-SdBNP
005 20240709125417.0
008 100824s1982 dr 000 0 spa d
040 _aDO-SdBNP
_bspa
_cBPMSU
082 _a330.97293
_bA367v 1982
_222
100 1 _aAlemán, José Luis
245 1 0 _a27 ensayos sobre economía y sociedad dominicanas /
_cJosé Luis Alemán.
246 1 3 _aVeintisiete ensayos sobre economía y sociedad dominicanas
260 _aSanto Domingo :
_bUCMM,
_c1982.
300 _a561 p. :
_bil., tablas ;
_c22 cm.
490 0 _aEstudios,
_v74
504 _aIncluye referencias bibliográficas y notas al pie de páginas
505 0 _aIntroducción, 11.-- Problemas Agrarios, 13. / Influjo de la distribución de la tenencia de tierra en la Economía Dominicana, 15.-- Limitación de la propiedad rural, 24.-- La indemnización en la reforma agraria, 41.-- Tendencias de la producción agropecuaria dominicana 1966-1971, 49.-- Análisis del poder a nivel comunitario en República Dominicana, 57.-- Inversión, Empleo, Tecnología e Incentivos Industriales, 73. / La actitud empresarial en el desarrollo económico, 75.-- Problemática socio-económica de las ganancias, 84.-- Ciencia. tecnología y política de inversiones en República Dominicana 1966-1974, 96.-- La educación media y la industria metal mecánica, 142.-- El régimen de incentivo a la producción nacional, 157.-- Ley de incentivo industrial, 170.-- Problemas Regionales, 187. / Los polos de crecimiento y el desarrollo económico, 189.-- Distribución por sectores y por zonas geográficas de los gastos públicos mensuales efectuados por el Gobierno Central en construcciones, 200.-- El futuro económico de Santiago de los Caballeros, 216.-- Perspectivas económicas de Monseñor Nouel, 239.-- Problemas de Población, 257. / Políticas de desarrollo económico y población, 259.-- La prostitución : sus determinantes económicos, 307.-- Relación entre desarrollo económico y crecimiento de la población, 322.-- Sociedad y Economía, 333. / Introducción a la sociología de la educación dominicana, 335.-- Religión y sociedad dominicana en los años mil novecientos sesenta, 391.-- Discurso de agradecimiento en la recepción del Premio Nacional de Ciencias, 417.-- Los derechos de los trabajadores en función de la empresa, 422.-- La economía de la corrupción, 441.-- Introducción a los discursos de Víctor M. Espaillat Mera, 459.-- Reflexiones sobre teoría económica, economía normativa y política económica, 493.-- Las consecuencias religiosas del proceso de unificación mundial de los patrones de consumo y de producción, 513.-- Análisis comparativo de la Política Económica del Estado Dominicano : Gobierno del Dr. Joaquín Balaguer y Don Antonio Guzmán, 529.-- Listado cronológico de libros y artículos del autor.
590 _aInventariado, 2022/VM
651 4 _aRepública Dominicana
_xCondiciones Económicas
_xEnsayos, Conferencias, etc.
651 4 _aRepública Dominicana
_xCondiciones sociales
_xEnsayos, conferencias, etc.
710 2 _aPontificia Universidad Católica Madre y Maestra (República Dominicana)
910 _aVMateo V./Validado.
942 _2ddc
_cBK
999 _c14331
_d14331